000 00335nam a2200145Ia 4500
100 _aPeterson/ Davie
250 _a3
942 _cBK
654 _acomputer
245 _aComputer Networks : Protocols standards and interfaces
260 _bMorgan kaufmann pub
_c2003
082 _a4.6
_bPET
300 _a813
546 _aENGLISH
999 _c28147
_d28147